000
00252nam a22001097a 4500
008
170125b xxu||||| |||| 00| 0 eng d
020
_a
9789951408509
041
_a
eng
080
_a
618.2
245
_a
AVANCIMI I INFERMIERISE
_c
KURKI, R
942
_2
udc
_c
BK
999
_c
3600
_d
3600